00255 2200097 4500001002100000005001500021035002400036090001700060245005800077260002200135YOGYA00000000010473520140823133545 0010-081400000101394 a297.64 Zah W aWasiat Rasulullah Kepada ALI, R.AcAbd. Hamid Zahwanq aSolobAnekac1997